Statistics for Pokémon GO: Highest CP Fairy-type Pokémon

Click here to take the quiz!

General Stats

  • This quiz has been taken 36 times
    (20 since last reset)
  • The average score is 14 of 20

Answer Stats

Max CPAnswer% Correct
5101Mega Gardevoir
87%
4275Xerneas
87%
2755Clefable
80%
3497Gardevoir
80%
3767Togekiss
80%
2647Aromatisse
73%
3091Diancie
73%
2885Granbull
73%
4913Mega Diancie
73%
3618Primarina
73%
3576Mega Altaria
67%
3865Tapu Bulu
67%
3230Tapu Fini
67%
3582Tapu Koko
67%
3950Tapu Lele
67%
3657Florges
60%
3470Sylveon
60%
4329Zacian
47%
2610Ninetales (Alolan)
40%
2782Rapidash (Galarian)
33%

Score Distribution

Percentile by Number Answered

Percent of People with Each Score

Your Score History

You have not taken this quiz since the last reset